000 00594nam a2200217Ia 4500
005 20241129110931.0
008 241129s9999||||xx |||||||||||||| ||und||
020 _a978-93-272-5448-4
037 _aTB
040 _aCRL
_beng
_cCRL
041 _aeng
_2eng
084 _aX:8C Q7
_qCRL
100 _aJain S.P. [et al...] Au.
245 0 _aCorporate accounting
_cJain S.P. [et al...] Au.
260 _aLudhiana, India
_bKalyani Publishers
_c2017
300 _a11.141p.
365 _aINR
_b325
650 _aEconomicsManagement
942 _cTB
_hX:8C Q7
999 _c1228164
_d1228164